Minecraft by Letter - B - Statistics

General Stats
  • This quiz has been taken 42 times
  • The average score is 13 of 15
Answer Stats
Hint Answer % Correct
There are two versions of the game, what is the console version called, as well as one of the only unobtainable items in survival Bedrock
97%
You can use these to tame dogs Bone
95%
The food source that cows drop Beef
92%
A weapon sometimes dropped by skeletons Bow
92%
One of the best items in the game, can hold milk, lava, water, and fish Bucket
92%
Mobs that spawn in the plains, and poison you when attacked Bee
89%
A item used to hold soups and stews Bowl
89%
Annoying mobs found in caves Bat
87%
The Minecraft name for different areas Biome
87%
You can use the above to make this, which makes things grow faster Bone Meal
87%
One of the best food sources, found in villages and crafted by hay bales and wheat. Bread
87%
A crop, food, and a soup all include this food source, usually grown in villages Beetroot
82%
You can find maps for these in shipwrecks Buried Treasure
82%
The more of these you use, the more powerful enchants you get on your enchanting table Bookshelves
68%
One of the above Birch
32%
No matching quizzes found
Score Distribution
Percent of People with Each Score
Percentile by Number Answered
Your Score History
You have not taken this quiz